000 01040nam a2200313Ia 4500
001 88809
003 IT-RoPAU
008 130308s9999 xx 000 0 und d
040 _aIT-RoPAU
040 _cIT-RoPAU
041 _aITALIANO
100 _aDe Martino Carlo
100 _gCodice Aut. SPICS: 7352
245 _aDizionario pratico di giornalismo
245 _bDizionario pratico di Giornalismo
250 _a1a ed.
260 _aMILANO
260 _bMursia Ugo
260 _c1990 [1° Ed.:1990 - Ed.Ling.Originale:1990]
300 _a"256 p. (prefazione: no ; testo: 256 [pagine: 0-0])"
500 _aTermini Vecchi e Nuovi connessi al Lavoro Giornalistico Specialmente della Stampa Quotidiana Guida Alla fabbrica di notizie Appendice con scheda dei principali Quotidiani Italiani a cura di Pier Augusto Macchi
650 _aENCICLOPEDIE DI GIORNALISMO
650 _eCodice materia Spics: 7051
700 _aBonifacci Fabio
700 _gCodice Aut. SPICS: 31755
942 _cBK
957 _71
999 _c94759
_d94759
999 _g1